Sports Quiz

Random Sports or Role Quiz

Australia Ashes Squad 10/11 Quiz Stats

 Plays Quiz not verified by Sporcle

Challenge
Share
Tweet
Embed
Score 0/17 Timer 05:00
0 Plays Today
Role Player % Correct
Batsman (Captain)Ricky Ponting
100%
Batsman (Vice-Captain)Michael Clarke
91.7%
BowlerMitchell Johnson
91.7%
Opener/All-RounderShane Watson
83.3%
BatsmanMichael Hussey
83.3%
Wicket KeeperBrad Haddin
83.3%
BowlerPeter Siddle
83.3%
OpenerSimon Katich
79.2%
BowlerBen Hilfenhaus
70.8%
Role Player % Correct
All RounderSteven Smith
70.8%
BowlerXavier Doherty
66.7%
OpenerPhillip Hughes
66.7%
BowlerDoug Bollinger
62.5%
BowlerRyan Harris
54.2%
BatsmanMarcus North
45.8%
BowlerMichael Beer
45.8%
BatsmanUsman Khawaja
41.7%

You're not logged in!

Compare scores with friends on all Sporcle quizzes.
OR
Log In

You Might Also Like...

Show Comments

Extras

Top Quizzes Today


Score Distribution

Your Account Isn't Verified!

In order to create a playlist on Sporcle, you need to verify the email address you used during registration. Go to your Sporcle Settings to finish the process.

Report this User

Report this user for behavior that violates our Community Guidelines.

Details: